| 000 | 00614 a2200181 4500 | ||
|---|---|---|---|
| 999 |
_c1445 _d1445 |
||
| 020 | _a0072471123 | ||
| 050 | 0 | 0 | _aHB171.5 SCH 2003 |
| 100 | 1 |
_aSchiller, Bradley R., _d1943- |
|
| 245 | 1 | 4 |
_aThe economy today / _cBradley R. Schiller. |
| 250 | _a9th ed. | ||
| 264 |
_aBoston _bMcGraw Hill _c2003 |
||
| 300 |
_axxxiii, 770, [24] p. : _bill. (some col.) ; |
||
| 500 | _aEconomics | ||
| 504 | _aIncludes bibliographical references and index. | ||
| 650 | 0 | _aEconomics. | |
| 942 |
_2lcc _cBK _e9th ed. _h171.5 _iSCH _kHB |
||